Most Surgically Enhanced Nations - Statistics

General Stats
  • This quiz has been taken 364 times
  • The average score is 7 of 10
Answer Stats
Rank Nation # of Procedures % Correct
1. United States 3,996,631
99%
2. Brazil 2,141,257
85%
3. Mexico 884,353
80%
5. Spain 447,177
76%
9. Argentina 287,823
75%
4. Germany 654,115
73%
7. Italy 375,256
71%
6. Colombia 420,177
62%
8. Venezuela 291,388
55%
10. Iran 174,778
25%
No matching quizzes found
Score Distribution
Percent of People with Each Score
Percentile by Number Answered
Your Score History
You have not taken this quiz